00449nam a2200169Ia 4500003000400000008004100004040001600045082001300061100001600074245006900090700001600159700001600175260004100191300000900232650001700241650002100258GCL140319s9999 xx 000 0 eng d aGCL / cGCL04a423bA C1 aALLEN, R. E10aTHE CANCISE OXFORD DICTIONARY OF CURRENT ENGLISH / cALLEN, R. E1 aFOWLER F. G1 aFOWLER, H.W a[S.N] : bCLARENCLON PRESS ، c1990 a145404aDICTIONARIES04aENGLISH LANGUAGE